00510nam a22001697a 450000500170000001000150001702000260003203500140005803700090007208200090008110000280009024500390011825000060015726000350016327001220019830000200032020260128153626.0 aENG-147696 a9789390001118c225.00 aEN-131228 bDBAD 21aN aStevenson, Robert Louis aKidnapped/cRobert Louis Stevenson a1 aEast DelhibPharos Booksc2025 aPlot No. -63 Main Mother Dairy Road Pandav Nagar, East DelhibEast Delhie110092k011-403958555msales@pharosbooks.in a200p.c21cm(pb)